000 00744nam a2200265 a 4500
008
020 _a013156241X (pbk. )
049 _aMAIN
090 _aQA76.5
_bLON
100 1 _aLong, Larry E.
245 1 0 _aComputers /
_cLarry Long and Nancy Long.
250 _a3rd ed.
260 _aEnglewood Cliffs :
_bPrentice Hall,
_c1993.
300 _axxiii, 677 p. :
_bill. ;
_c26 cm.
500 _aIncludes index.
504 _aIncludes bibliographical references.
650 0 _aComputers.
650 0 _aElectronic data processing.
700 1 _aLong, Nancy.
907 _a.b10002856
_b06-02-13
_c17-04-03
003
005 20230123134131.0
040 _cNUST
942 _cBOOKS
_kQA76.5
_mLON
999 _c160647
_d160647